|
|
|
|
| LEADER |
00000cam a2200000 7i4500 |
| 001 |
0000009882 |
| 005 |
20050503.0 |
| 020 |
|
|
|a 185112408X
|
| 040 |
|
|
|a INS
|
| 090 |
0 |
0 |
|a HD7335.D8
|b L6 2000
|
| 100 |
1 |
|
|a Bramley, Glen
|
| 245 |
1 |
0 |
|a Local housing needs assessment :
|b A guide to good practice
|c Glen Bramley, Hal Pawson, John Parker
|
| 260 |
|
|
|a London :
|b Department of the Environment, Transport and the Regions ,
|c c2000
|
| 300 |
|
|
|a 171p. ;
|c 30cm.
|
| 650 |
0 |
0 |
|a Housing policy
|z United Kingdom
|
| 650 |
0 |
0 |
|a Housing
|z United Kingdom
|
| 700 |
1 |
|
|a Parker, John
|
| 700 |
1 |
|
|a Pawson, Hall
|
| 999 |
|
|
|a 0000008931
|b BOOK
|c Open Shelf
|e Default branch
|